| 000 | 00488nam a22001455i 4500 | ||
|---|---|---|---|
| 001 | 171464 | ||
| 003 | ES-MaACL | ||
| 005 | 20230906214636.0 | ||
| 008 | 090518s1964 xxc |||| | spa d | ||
| 100 | 1 |
_aSola, Marijan Emil. _9140184 |
|
| 245 | 1 | 0 |
_aJos Hrvatska nij propala , Rodoljubne Pjesme / _cMarijan Emil Sola. |
| 260 |
_aToronto : _b[s.n.], _c1964 ( _eMadrid : _fImp. R. T. Suc. Viuda de Galo Sáez) |
||
| 300 |
_a118 p., 2 lám. ; _c22 cm. |
||
| 852 |
_aES-MaACL _jC-26562 _9R.55390 |
||
| 999 |
_c171464 _d171464 |
||